Normal view MARC view

Entry Nombre personal

Number of records used in: 8

001 - NÚMERO DE CONTROL

  • campo de control: 151831

003 - IDENTIFICADOR DE NÚMERO DE CONTROL

  • campo de control: OSt

005 - FECHA Y HORA DE LA ÚLTIMA TRANSACCIÓN

  • campo de control: 20251009191829.0

008 - ELEMENTOS DE DATO DE LONGITUD-FIJA

  • campo de control de longitud fija: 121115 b azzaaaaaa a aaa d

040 ## - FUENTE DE CATALOGACIÓN

  • Centro catalogador/agencia de origen: OSt
  • Centro/agencia transcriptor: OSt

100 1# - ENCABEZAMIENTO-NOMBRE DE PERSONA

  • Nombre de persona: Lorenzana, Francisco Antonio de,
  • Fechas asociadas al nombre: 1722-1804

400 1# - TRAZADO DE VÉASE--NOMBRE DE PERSONA

  • Nombre de persona: Lorenzana
  • Títulos y otros términos asociados al nombre: Cardenal (
  • Fechas asociadas al nombre: 1722-1804)

400 1# - TRAZADO DE VÉASE--NOMBRE DE PERSONA

  • Nombre de persona: Lorenzana, Francisco A. (
  • Fechas asociadas al nombre: 1722-1804)

400 1# - TRAZADO DE VÉASE--NOMBRE DE PERSONA

  • Nombre de persona: Lorenzana, Francisco Antonio
  • Títulos y otros términos asociados al nombre: Arzobispo de Toledo (
  • Fechas asociadas al nombre: 1722-1804)

400 1# - TRAZADO DE VÉASE--NOMBRE DE PERSONA

  • Nombre de persona: Lorenzana, Francisco Antonio de
  • Títulos y otros términos asociados al nombre: Arzobispo de Méjico (
  • Fechas asociadas al nombre: 1722-1804)

400 1# - TRAZADO DE VÉASE--NOMBRE DE PERSONA

  • Nombre de persona: Lorenzana y Buitrón, Francisco Antonio (
  • Fechas asociadas al nombre: 1722-1804)

400 1# - TRAZADO DE VÉASE--NOMBRE DE PERSONA

  • Nombre de persona: Lorenzana y Butrón, Francisco Antonio (
  • Fechas asociadas al nombre: 1722-1804)